000
00324nam a2200145 4500
003
macl
005
20170509131112.0
008
macl
040
_c
macl
100
_a
Chakrabarti Syamal
_9
65926
245
_a
Railways and bengal economy
260
_a
Kolkata
_b
Arijit kumar
_c
2011
650
_a
Economy
_9
67112
942
_2
ddc
_c
BK
999
_c
56311
_d
56311